Score 0/73 Timer 08:00
1 Play Today
Clue 4-Letter Word % Correct
• __ Alive •• STAY •
94.2%
• Non-__• STOP •
94.2%
• What Comes __? •• NEXT •
91.9%
• __ Theodosia •• DEAR •
91.7%
• __ Me Inside •• MEET •
90.5%
• Right __ Man •• HAND •
90.4%
Opening to insert a coinSLOT
89.3%
• A Winter's __• BALL •
88.8%
• __ for It •• WAIT •
88.8%
Kill a dragonSLAY
88.4%
• Yorktown (The World Turned Upside __) ••DOWN•
88.4%
• You'll Be __• BACK •
87.6%
Bambi, e.g.DEER
86.8%
• My __• SHOT •
86.5%
• Aaron __, Sir •• BURR •
86.4%
Food for a pigSLOP
86%
• Ten __ Commandments •• DUEL •
85.5%
• History Has Its __ on You •• EYES •
85.5%
• __ and Ships •• GUNS •
85%
Lee who co-created Spider-ManSTAN
84.5%
Pork or chicken, e.g.MEAT
84.4%
Grains at the beachSAND
84%
Yogi or Boo-Boo, e.g.BEAR
82.7%
Class ending soundBELL
82.5%
Dark red edible rootBEET
82.4%
Karate level indicatorBELT
81.3%
To desire somethingWANT
79.5%
BrewskiBEER
79.4%
Clean or orderlyNEAT
79.1%
A long, mournful cryWAIL
78.9%
Written wordsTEXT
78.1%
Former divider of BerlinWALL
78%
Satisfied after a mealFULL
77.9%
Reindeer in 'Frozen'SVEN
77.1%
Opposite of oddEVEN
77.1%
Not sharpDULL
77%
Nights before holidaysEVES
76.9%
Clue 4-Letter Word % Correct
Content cat soundPURR
76.8%
DaybreakDAWN
76.7%
Coal or gasoline, e.g.FUEL
76.7%
Policeman's patrolBEAT
75.8%
Mammal milk sourceTEAT
75.6%
____ serif; type styleSANS
75.6%
Sand hillDUNE
75.2%
Dip a cookie into milkDUNK
74.6%
Pass out cardsDEAL
74.1%
Person from DenmarkDANE
74.1%
Illegal pitching move in baseballBALK
73.7%
Head of university facultyDEAN
73.2%
Phoenix basketball teamSUNS
72.6%
Country singer WilliamsHANK
72.6%
Lessen, like the moonWANE
72.4%
To cut or chop atHACK
72.3%
Texas-based computer companyDELL
72.1%
Blown-out tireFLAT
71.5%
Dread or alarmFEAR
70.9%
Remove the skin fromFLAY
69.3%
Male bovineBULL
69%
DiscoveredSEEN
68.3%
Celebrity chef PaulaDEEN
68.1%
Part of a dance moveSTEP
67.7%
American folk singer IvesBURL
65.8%
Crud or goopGUNK
65.3%
Act of derring-doFEAT
64.3%
WWII British gunSTEN
63.3%
UnadulteratedPURE
61.9%
Mend a sockDARN
58.2%
Skin openingPORE
57.4%
Defy or challengeDARE
53.2%
Ridged texture, like corduroyWALE
52.2%
Shop's item to be soldWARE
51.2%
Star Trek Worf actor MichaelDORN
49.8%
19th c. French illustrator GustaveDORÉ
48.3%

Today's Daily Dose

Remove Ads.
Support Sporcle.
Get the best of Sporcle when you Go Orange. This ad-free experience offers more features, more stats, and more fun while also helping to support Sporcle. Thank you for becoming a member.

You're not logged in!

Compare scores with friends on all Sporcle quizzes.
OR
Log In

Show Comments

Extras

Top Quizzes Today


Score Distribution

Your Account Isn't Verified!

In order to create a playlist on Sporcle, you need to verify the email address you used during registration. Go to your Sporcle Settings to finish the process.

Report this User

Report this user for behavior that violates our Community Guidelines.

Details: